Statistics for Random History knowledge

Click here to take the quiz!

General Stats

  • This quiz has been taken 13 times
    (7 since last reset)
  • The average score is 4 of 14

Answer Stats

HintAnswer% Correct
1215; this royal charter of rights is signed by king john near Windsor.Magna Carta
83%
1814; This capital was burned.Washington City
50%
1940; how long did the invasion of Denmark take6 hours
33%
1995; This place nearly gets it's independance but the referendum is 50.58% no.Quebec
33%
1945; Where did the deadliest air raid in history take placeTokyo
33%
1867; Which country was "created" (compromise) due to a revolutionary culture group.Austria-Hungary
17%
-490; this battle is known for the death of only 200 greeks against the death of around 6400 persians.Battle of Marathon
17%
1648-1689; over which city did the longest ever siege battle take placeCandia
17%
1918-1920; which countries legion controlled parts of the trans-siberian railway during the russian civil warCzechoslovakia
17%
1431; where was Joan of Arc burned at the stake.Rouen
17%
1618; The Second(sometimes considered third) defenestration of Prague started this war.Thirty years' war
17%
1494; treaty that split the world (excluding Europe) between Spain and Portugal.Treaty of Tordesillas
17%
1789; King Louis XVI was basically a prisoner of this palace.tuileries palace
17%
1628; This Swedish warship sank near Stockholm 20 minutes into her Maiden voyage.Vasa
17%

Score Distribution

Percentile by Number Answered

Percent of People with Each Score

Your Score History

You have not taken this quiz since the last reset